Central Library OPAC University of Rajshahi

Advanced calculus / (Record no. 51243)

MARC details
000 -LEADER
fixed length control field 00843nam a2200277 a 4500
001 - CONTROL NUMBER
control field 51243
003 - CONTROL NUMBER IDENTIFIER
rucl marc code BD-RjUL
005 - DATE AND TIME OF LATEST TRANSACTION
control field 20211209075629.0
008 - FIXED-LENGTH DATA ELEMENTS--GENERAL INFORMATION
fixed length control field 160830s19741964nyua b 001 0 eng d
035 ## - SYSTEM CONTROL NUMBER
System control number (BD-RjUL) 51363
040 ## - CATALOGING SOURCE
Original cataloging agency DLC
Transcribing agency DLC
Modifying agency WQM
-- BD-RjUL
Language of cataloging eng
041 ## - LANGUAGE CODE
Language code of text/sound track or separate title eng
082 ## - DEWEY DECIMAL CLASSIFICATION NUMBER
Classification number 515
Edition number 23
Author mark and year WIA 1974
100 ## - MAIN ENTRY--PERSONAL NAME
Personal name Widder, David V.
9 (RLIN) 153295
245 10 - TITLE STATEMENT
Title Advanced calculus /
Statement of responsibility, etc. David V. Widder
246 ## - VARYING FORM OF TITLE
Remainder of title 2nd.ed.
260 ## - PUBLICATION, DISTRIBUTION, ETC. (IMPRINT)
Place of publication, distribution, etc. New Delhi :
Name of publisher, distributor, etc. Prentice-Hill of india private limited,
Date of publication, distribution, etc. 1964 [printing 1974]
300 ## - PHYSICAL DESCRIPTION
Pagination xvi, 520 p. :
Illustrations ill. ;
Size 24 cm.
490 ## - SERIES STATEMENT
Series statement Prentice-Hall Mathematics Series
500 ## - GENERAL NOTE
General note Includes index.
650 #0 - SUBJECT ADDED ENTRY--TOPICAL TERM
Topical term or geographic name as entry element Calculus.
9 (RLIN) 152680
Topical term or geographic name as entry element Mathematical analysis.
9 (RLIN) 152681
Topical term or geographic name as entry element Mathematics.
9 (RLIN) 152682
830 #0 - SERIES ADDED ENTRY--UNIFORM TITLE
Uniform title Prentice-Hall Mathematics Series
942 ## - ADDED ENTRY ELEMENTS (KOHA)
Source of classification or shelving scheme Dewey Decimal Classification
Koha item type Books
Holdings
Lost status Source of classification or shelving scheme Damaged status Not for loan Collection code Permanent Location Current Location Shelving location Date acquired Source of acquisition Cost, normal purchase price Total Checkouts Full call number Date last seen Copy number Koha item type Date checked out
  Dewey Decimal Classification     Non-fiction Central Library, University of Rajshahi Central Library, University of Rajshahi   01/04/1976 Prentice-Hall of India 19.00   515 WIA 1974 30/08/2016 C-2 Books  
  Dewey Decimal Classification     Non-fiction Central Library, University of Rajshahi Central Library, University of Rajshahi   01/04/1976 Prentice-Hall of India 19.00   515 WIA 1974 30/08/2016 C-3 Books  
  Dewey Decimal Classification     Non-fiction Central Library, University of Rajshahi Central Library, University of Rajshahi   01/04/1976 Prentice-Hall of India 19.00   515 WIA 1974 30/08/2016 C-4 Books  
  Dewey Decimal Classification     Non-fiction Central Library, University of Rajshahi Central Library, University of Rajshahi   01/04/1976 Prentice-Hall of India 19.00 1 515 WIA 1974 30/03/2017 C-5 Books 12/03/2017
  Dewey Decimal Classification     Non-fiction Central Library, University of Rajshahi Central Library, University of Rajshahi   26/09/2010 Paragon Enterprises, Dhaka. 19.00   515 WIA 2003 30/08/2016 C-6 Books  
  Dewey Decimal Classification     Non-fiction Central Library, University of Rajshahi Central Library, University of Rajshahi   01/04/1976 Prentice-Hall of India 19.00   515 WIA 1974 30/08/2016 C-7 Books  
  Dewey Decimal Classification   Not For Loan Non-fiction Central Library, University of Rajshahi Central Library, University of Rajshahi Reading Room 16/05/1968 Cento Aid Scientific Book Prog.     515 WIA 1947 18/04/2017 C-1 Books